<?xml version="1.0" encoding="UTF-8"?>
<collection xmlns="http://www.loc.gov/MARC21/slim">
 <record>
  <leader>01572nam a2200217Ia 4500</leader>
  <controlfield tag="001">CTU_122247</controlfield>
  <controlfield tag="008">210402s9999    xx            000 0 und d</controlfield>
  <datafield tag="020" ind1=" " ind2=" ">
   <subfield code="c">40000</subfield>
  </datafield>
  <datafield tag="082" ind1=" " ind2=" ">
   <subfield code="a">382.4139</subfield>
  </datafield>
  <datafield tag="082" ind1=" " ind2=" ">
   <subfield code="b">N104</subfield>
  </datafield>
  <datafield tag="100" ind1=" " ind2=" ">
   <subfield code="a">Nguyễn, Văn Nam</subfield>
  </datafield>
  <datafield tag="245" ind1=" " ind2="0">
   <subfield code="a">Thị trường xuất nhập khẩu thuỷ sản =  Report on fishery market</subfield>
  </datafield>
  <datafield tag="245" ind1=" " ind2="0">
   <subfield code="c">Nguyễn Văn Nam</subfield>
  </datafield>
  <datafield tag="260" ind1=" " ind2=" ">
   <subfield code="a">Hà Nội</subfield>
  </datafield>
  <datafield tag="260" ind1=" " ind2=" ">
   <subfield code="b">Lao động - Xã hội</subfield>
  </datafield>
  <datafield tag="260" ind1=" " ind2=" ">
   <subfield code="c">2005</subfield>
  </datafield>
  <datafield tag="520" ind1=" " ind2=" ">
   <subfield code="a">Tài liệu được biên soạn dựa trên kết quả nghiên cứu của Viện Nghiên cứu thương mại trong dự án &quot;Nâng cao năng lực nghiên cứu chính sách thực hiện chiến lược phát triển kinh tế xã hội 2001-2010&quot; do tổ chức SIDA Thuỵ Điển tài trợ. Nội dung gồm 4 phần và bẳng biểu, sơ đồ, phụ lục: Phần 1: Ngành công nghiệp và thị trường thuỷ sản thế giới ; Phần 2: Tình hình phát triển thị trường thuỷ sản Việt Nam ; Phần 3: Chính sách phát triển ngành thuỷ sản Việt Nam trong quá trình hội nhập kinh tế quốc tế ; Phần 4: Đề suất một số chính sách và giải pháp phát triển sản xuất và xuất khẩu thuỷ sản của Việt Nam.</subfield>
  </datafield>
  <datafield tag="650" ind1=" " ind2=" ">
   <subfield code="a">Fish trade,Fisheries</subfield>
  </datafield>
  <datafield tag="650" ind1=" " ind2=" ">
   <subfield code="x">Economic aspects</subfield>
  </datafield>
  <datafield tag="904" ind1=" " ind2=" ">
   <subfield code="i">Minh</subfield>
  </datafield>
  <datafield tag="980" ind1=" " ind2=" ">
   <subfield code="a">Trung tâm Học liệu Trường Đại học Cần Thơ</subfield>
  </datafield>
 </record>
</collection>
